| 000 | 00672nam a22001937a 4500 | ||
|---|---|---|---|
| 003 | OSt | ||
| 005 | 20240502112248.0 | ||
| 008 | 240502s1995 sp ||||| |||| 00| 1 spa d | ||
| 020 | _a8429445595 | ||
| 040 | _cbesoc | ||
| 100 | 1 |
_aCervantes Saavedra, Miguel de, _d1547-1616 |
|
| 245 | 1 | 3 |
_aEl ingenioso hidalgo : _bDon Quijote de la Mancha / _cMiguel de Cervantes Saavedra ; selección, estudio y notas por Milagros Rodríguez Cáceres |
| 260 |
_aMadrid : _bSantillana, _c1995 |
||
| 300 | _a231 p. | ||
| 490 | 0 | _aClásicos esenciales Santillana | |
| 650 | 4 |
_aLiteratura española _xNovela _xSátira _ySiglo XVIII |
|
| 700 | 1 | _aRodríguez Cáceres, Milagros | |
| 942 |
_2udc _cOG _n0 |
||
| 999 |
_c231 _d231 |
||